000 00302nam a22001337a 4500
003 SGT
020 _a9789383290482
082 _a615.19
_bSHA
100 _aSHAH SAPAN K
245 _aPRACTICAL PHARMACEUTICAL ANALAYSIS - I
260 _aINDIA
_bPEE VEE PUB
_c2019
300 _a104
942 _2ddc
_cBK
999 _c34487
_d34487